000 01017pam a2200289 a 4500
001 3785891
003 NUST-PNEC
005 20170116180712.0
008 840203s1984 nyua b 001 0 eng
010 _a 84003860
020 _a0070179514
040 _cPNEC
050 0 0 _aTJ184
_b.D784 1984
082 0 0 _a621.833 DUD
_219
100 1 _aDudley, Darle W.
245 1 0 _aHandbook of practical gear design /
_cDarle W. Dudley.
260 _aNew York :
_bMcGraw-Hill,
_cc1984.
300 _a675 p. in various pagings :
_bill. ;
_c24 cm.
500 _aIncludes Index http://www.amazon.com/Handbook-Practical-Design-Darle-Dudley/dp/0070179514/ref=sr_1_1?s=books&ie=UTF8&qid=1413361584&sr=1-1&keywords=0070179514
500 _aRev. ed. of: Practical gear design. 1st ed. 1954.
500 _aIncludes index.
504 _aBibliography: p. [632]-[653]
650 0 _aGearing
_xME
700 1 _aDudley, Darle W.
_tPractical gear design.
906 _a7
_bcbc
_corignew
_d1
_eocip
_f19
_gy-gencatlg
942 _2ddc
_cBK
999 _c61033
_d61033